000 00414nam a2200181Ia 4500
008 210210b1962 xxu||||| |||| 00| 0 eng d
041 _aeng
082 _a829/1189
100 _aWAIN (John)
245 _aStrike the father dead
260 _aLondon
_bMacmillan & Co. Ltd.
_c1962
650 _athe
650 _aStrike
650 _afather
650 _adead
690 _aEnglish Fiction
906 _a017800
999 _c137784
_d137784